<?xml version="1.0" encoding="UTF-8"?>
<record
    xmlns:xsi="http://www.w3.org/2001/XMLSchema-instance"
    xsi:schemaLocation="http://www.loc.gov/MARC21/slim http://www.loc.gov/standards/marcxml/schema/MARC21slim.xsd"
    xmlns="http://www.loc.gov/MARC21/slim">

  <leader>02430nam a2200289 a 4500</leader>
  <controlfield tag="001">000015891</controlfield>
  <controlfield tag="005">20200929164206.0</controlfield>
  <controlfield tag="008">100222s1997    dr            001 0 spa d</controlfield>
  <datafield tag="040" ind1=" " ind2=" ">
    <subfield code="a">DO-SdBNP</subfield>
    <subfield code="b">spa</subfield>
    <subfield code="c">BNPHU</subfield>
  </datafield>
  <datafield tag="041" ind1="1" ind2="7">
    <subfield code="a">spa</subfield>
    <subfield code="b">eng</subfield>
  </datafield>
  <datafield tag="082" ind1=" " ind2=" ">
    <subfield code="a">343.077</subfield>
    <subfield code="b">R426L</subfield>
  </datafield>
  <datafield tag="110" ind1="2" ind2=" ">
    <subfield code="a">Rep&#xFA;blica Dominicana.</subfield>
    <subfield code="9">447</subfield>
  </datafield>
  <datafield tag="240" ind1="1" ind2="0">
    <subfield code="a">[Leyes, etc.]</subfield>
  </datafield>
  <datafield tag="245" ind1="1" ind2="0">
    <subfield code="a">Ley minera de la Rep&#xFA;blica Dominicana y regulaciones ambientales relacionadas = Mining law of the Dominican Republic and regulations relative to the environment.</subfield>
  </datafield>
  <datafield tag="246" ind1="1" ind2="1">
    <subfield code="a">Mining law of the Dominican Republic and regulations relative to the environment</subfield>
  </datafield>
  <datafield tag="260" ind1=" " ind2=" ">
    <subfield code="a">Santo Domingo :</subfield>
    <subfield code="b">Russin, Vecchi &amp; Heredia Bonetti,</subfield>
    <subfield code="c">1997.</subfield>
  </datafield>
  <datafield tag="300" ind1=" " ind2=" ">
    <subfield code="a">341 p. ;</subfield>
    <subfield code="c">23 cm.</subfield>
  </datafield>
  <datafield tag="505" ind1="0" ind2=" ">
    <subfield code="t">Ley N&#xBA;. 146 Ley Minera de la Rep&#xFA;blica Dominicana --</subfield>
    <subfield code="t">Dec. N&#xBA;. 155-87 Decreto que crea e integra la Comisi&#xF3;n Nacional para el Medio Ambiente --</subfield>
    <subfield code="t">Ley N&#xBA;. 5856 Conservaci&#xF3;n Forestal y &#xC1;rboles Frutales</subfield>
    <subfield code="t">Ley N&#xBA;. 67 Ley que crea la Direcci&#xF3;n Nacional de Parques --</subfield>
    <subfield code="t">Ley N&#xBA;. 112-87 Ley que establece el Servicio Forestal Obligatorio --</subfield>
    <subfield code="t">Ley N&#xBA;. 290 Ley sobre incentivo al desarrollo forestal</subfield>
    <subfield code="t">Ley N&#xBA;. 291 Ley que modifica las Leyes 211 y 705 de 1967 y 1982 respectivamente --</subfield>
    <subfield code="t">Ley N&#xBA;. 632 Ley que proh&#xED;be el corte o la tala de &#xE1;rboles o matas en las cabeceras de los r&#xED;os y arroyos que nutren las cuencas hidrogr&#xE1;ficas de todo el pa&#xED;s --</subfield>
    <subfield code="t">Ley N&#xBA;. 487 Control de la explotaci&#xF3;n y conservaci&#xF3;n de las aguas subterr&#xE1;neas --</subfield>
    <subfield code="t">Dec. N&#xBA;. 226-90 Decreto que proh&#xED;be la descarga de desperdicios y desechos qu&#xED;micos y org&#xE1;nicos en las corrientes de los r&#xED;os y sus afluentes en todo el pa&#xED;s --</subfield>
    <subfield code="t">Ley N&#xBA;. 218</subfield>
    <subfield code="t">Dec. N&#xBA;. 297-87 Decreto que declara Patrimonio Natural de la Naci&#xF3;n, todas las cuevas, cavernas y dem&#xE1;s cavidades subterr&#xE1;neas situadas en el territorio nacional --</subfield>
    <subfield code="t">Ley N&#xBA;. 564 Ley para la protecci&#xF3;n y preservaci&#xF3;n de los objetos etnol&#xF3;gicos y arqueol&#xF3;gicos nacionales --</subfield>
    <subfield code="t">Reg. N&#xBA;. 807 Reglamento sobre Higiene y Seguridad Industrial</subfield>
  </datafield>
  <datafield tag="590" ind1=" " ind2=" ">
    <subfield code="a">Inventariado, 2018/VM</subfield>
  </datafield>
  <datafield tag="650" ind1=" " ind2="4">
    <subfield code="a">Derecho minero</subfield>
    <subfield code="x">Legislaci&#xF3;n</subfield>
    <subfield code="9">29624</subfield>
  </datafield>
  <datafield tag="650" ind1=" " ind2="4">
    <subfield code="a">Minas</subfield>
    <subfield code="x">Legislaci&#xF3;n</subfield>
    <subfield code="9">35769</subfield>
  </datafield>
  <datafield tag="650" ind1=" " ind2="4">
    <subfield code="a">Protecci&#xF3;n del medio ambiente</subfield>
    <subfield code="x">Legislaci&#xF3;n</subfield>
    <subfield code="9">34341</subfield>
  </datafield>
  <datafield tag="650" ind1=" " ind2="4">
    <subfield code="a">Miner&#xED;a a cielo abierto</subfield>
    <subfield code="x">Aspectos ambientales</subfield>
    <subfield code="x">Legislaci&#xF3;n</subfield>
    <subfield code="9">35770</subfield>
  </datafield>
  <datafield tag="651" ind1=" " ind2="4">
    <subfield code="a">Rep&#xFA;blica Dominicana</subfield>
    <subfield code="x">Leyes</subfield>
    <subfield code="9">16541</subfield>
  </datafield>
  <datafield tag="651" ind1=" " ind2="4">
    <subfield code="a">Rep&#xFA;blica Dominicana</subfield>
    <subfield code="x">Ley 146</subfield>
    <subfield code="9">35771</subfield>
  </datafield>
  <datafield tag="910" ind1=" " ind2=" ">
    <subfield code="a">Validado. Control de calidad EMS</subfield>
  </datafield>
  <datafield tag="952" ind1=" " ind2=" ">
    <subfield code="0">0</subfield>
    <subfield code="1">0</subfield>
    <subfield code="7">1</subfield>
    <subfield code="8">PD</subfield>
    <subfield code="a">PD</subfield>
    <subfield code="b">PD</subfield>
    <subfield code="c">HD</subfield>
    <subfield code="d">2010-02-22</subfield>
    <subfield code="i">LF1</subfield>
    <subfield code="l">0</subfield>
    <subfield code="o">343.077 R426L</subfield>
    <subfield code="p">15891-10</subfield>
    <subfield code="r">2020-06-25</subfield>
    <subfield code="w">2020-06-25</subfield>
    <subfield code="y">LFPD</subfield>
    <subfield code="Z">No se presta</subfield>
  </datafield>
  <datafield tag="952" ind1=" " ind2=" ">
    <subfield code="0">0</subfield>
    <subfield code="1">0</subfield>
    <subfield code="7">1</subfield>
    <subfield code="8">PD</subfield>
    <subfield code="a">PD</subfield>
    <subfield code="b">PD</subfield>
    <subfield code="c">HD</subfield>
    <subfield code="d">2010-02-22</subfield>
    <subfield code="i">LF1</subfield>
    <subfield code="l">0</subfield>
    <subfield code="o">343.077 R426L</subfield>
    <subfield code="p">15891-20</subfield>
    <subfield code="r">2020-06-25</subfield>
    <subfield code="t">e. 2</subfield>
    <subfield code="w">2020-06-25</subfield>
    <subfield code="y">LFPD</subfield>
    <subfield code="Z">No se presta</subfield>
  </datafield>
  <datafield tag="999" ind1=" " ind2=" ">
    <subfield code="c">15433</subfield>
    <subfield code="d">15433</subfield>
  </datafield>
</record>
